Online
Catalog

La crisis poblacional : (Record no. 20858)

MARC details
000 -CABECERA
campo de control de longitud fija 00451nam a2200157 a 4500
001 - NÚMERO DE CONTROL
campo de control 000021358
005 - FECHA Y HORA DE LA ÚLTIMA TRANSACCIÓN
campo de control 20200930011316.0
008 - DATOS DE LONGITUD FIJA--INFORMACIÓN GENERAL
campo de control de longitud fija 100906s1982 sp 000 0 spa d
040 ## - FUENTE DE LA CATALOGACIÓN
Centro catalogador/agencia de origen DO-SdBNP
Lengua de catalogación spa
Centro/agencia transcriptor BNPHU
082 ## - NÚMERO DE LA CLASIFICACIÓN DECIMAL DEWEY
Número de clasificación nnnn
Número de documento/Ítem S129c
049 ## - FONDOS LOCALES (OCLC)
Fondos de biblioteca BNGR
100 1# - ENTRADA PRINCIPAL--NOMBRE DE PERSONA
Nombre de persona Sagrera, Martín,
9 (RLIN) 20801
245 13 - MENCIÓN DE TÍTULO
Título La crisis poblacional :
Resto del título hechos e ideologias /
Mención de responsabilidad, etc. Martin Sagrera.
260 ## - PUBLICACIÓN, DISTRIBUCIÓN, ETC.
Lugar de publicación, distribución, etc. Madrid :
Nombre del editor, distribuidor, etc. Martín Sagrera,
Fecha de publicación, distribución, etc. 1982.
300 ## - DESCRIPCIÓN FÍSICA
Extensión 103 p. : ;
Dimensiones 17 cm.
Holdings
Estado de retiro Estado de pérdida Restricciones de uso No para préstamo Código de colección Localización permanente Ubicación/localización actual Ubicación en estantería Fecha de adquisición Número de inventario Total de préstamos Signatura topográfica completa Código de barras Fecha visto por última vez Precio válido a partir de Tipo de ítem Koha Número de copia
    Préstamo interno   Monografías: Libros y Folletos General General En catalogación 06.09.2010 LF1   nnnn S129c 21358-10 25.06.2020 25.06.2020 Préstamo interno  
    Préstamo interno Préstamo restrigido Monografías: Libros y Folletos General General En catalogación 06.09.2010 LF1   nnnn S129c 21358-20 25.06.2020 25.06.2020 Préstamo interno e. 2

Powered by Koha